Statistics for Обладатели Золотого мяча

Click here to take the quiz!

General Stats

  • This quiz has been taken 336 times
    (332 since last reset)
  • The average score is 30 of 68

Answer Stats

СезонПобедитель% Correct
2023Лионель Месси
100%
2015Лионель Месси
100%
2010Лионель Месси
100%
2011Лионель Месси
100%
2012Лионель Месси
100%
2009Лионель Месси
100%
2019Лионель Месси
100%
2021Лионель Месси
100%
2017Криштиану Роналду
96%
2016Криштиану Роналду
96%
2014Криштиану Роналду
96%
2013Криштиану Роналду
96%
2008Криштиану Роналду
96%
1997Роналдо
86%
2002Роналдо
86%
2018Лука Модрич
84%
2022Карим Бензема
82%
1963Лев Яшин
79%
2007Кака
67%
2004Андрей Шевченко
66%
1998Зинедин Зидан
66%
2005Роналдиньо
65%
1971Йохан Кройф
48%
1973Йохан Кройф
48%
1974Йохан Кройф
48%
2006Фабио Каннаваро
48%
1999Ривалдо
44%
1992Марко ван Бастен
40%
1988Марко ван Бастен
40%
1989Марко ван Бастен
40%
2000Луиш Фигу
39%
1957Альфредо Ди Стефано
35%
1959Альфредо Ди Стефано
35%
2003Павел Недвед
35%
2001Майкл Оуэн
35%
1985Мишель Платини
34%
1983Мишель Платини
34%
1984Мишель Платини
34%
1972Франц Беккенбауэр
33%
1970Герд Мюллер
33%
1976Франц Беккенбауэр
33%
1987Рууд Гуллит
30%
1960Луис Суарес
27%
1975Олег Блохин
25%
1965Эйсебио
21%
1966Бобби Чарльтон
20%
1968Джордж Бест
20%
1986Игорь Беланов
18%
1995Джордж Веа
18%
1993Роберто Баджо
17%
1994Христо Стоичков
17%
1990Лотар Маттеус
14%
1996Маттиас Заммер
12%
1981Карл-Хайнц Румменигге
10%
1991Жан-Пьер Папен
10%
1980Карл-Хайнц Румменигге
10%
1982Паоло Росси
9%
1956Стэнли Мэттьюз
8%
1979Кевин Киган
7%
1958Раймон Копа
7%
1978Кевин Киган
7%
1964Денис Лоу
5%
1967Флориан Альберт
3%
1977Аллан Симонсен
3%
1962Йозеф Масопуст
3%
1961Омар Сивори
3%
1969Джанни Ривера
3%
2020Награда не вручалась
0%

Score Distribution

Percentile by Number Answered

Percent of People with Each Score

Your Score History

You have not taken this quiz since the last reset